[Event "FISU World University KO"]
[Site "Tornelo INT"]
[Date "2020.10.29"]
[Round "1"]
[White "Ivannikau, Maksim"]
[Black "Nieves Cabanes, Jose Manuel"]
[Result "1-0"]
[WhiteElo "2224"]
[BlackElo "2293"]
[PlyCount "77"]
[EventDate "2020.10.29"]
[EventType "team-k.o. (rapid)"]
[EventRounds "4"]
[EventCountry "NET"]
[SourceTitle "CBM 199 Extra"]
[Source "ChessBase"]
[SourceDate "2021.01.31"]
[SourceVersion "1"]
[SourceVersionDate "2021.01.31"]
[SourceQuality "1"]
[WhiteTeam "Belarus"]
[BlackTeam "Spain IV"]
[WhiteTeamCountry "BLR"]
[BlackTeamCountry "ESP"]

1. Nf3 Nf6 2. g3 d5 3. Bg2 c6 4. 0-0 Bf5 5. d3 h6 6. Nbd2 e6 7. b3 Nbd7 8. Bb2 Bh7 9. e3 Be7 10. Qe2 Qc7 11. e4 dxe4 12. dxe4 e5 13. Nc4 Bxe4 14. Ncxe5 Nc5 15. Nd3 Bxd3 16. cxd3 0-0 17. Rfe1 Nd5 18. Ne5 Bf6 19. Rac1 Bxe5 20. Bxe5 Qe7 21. Qg4 f5 22. Bxd5+ cxd5 23. Qb4 b6 24. d4 a5 25. Qa3 f4 26. dxc5 Qd7 27. cxb6 Qh3 28. Qe7 Rf7 29. Qh4 Qf5 30. Qxf4 Qh5 31. Qd4 Raf8 32. Rc7 Qf3 33. b7 Rxc7 34. Bxc7 a4 35. b8Q Rxb8 36. Bxb8 axb3 37. axb3 Qxb3 38. Be5 Qb7 39. Rd1 1-0

[Event "FISU World University"]
[Site "Tornelo INT"]
[Date "2020.10.27"]
[Round "4.3"]
[White "Ivannikau, Maksim"]
[Black "Osmak, Iulija"]
[Result "0-1"]
[WhiteElo "2224"]
[BlackElo "2438"]
[PlyCount "60"]
[EventDate "2020.10.26"]
[EventType "team-swiss (rapid)"]
[EventRounds "9"]
[EventCountry "NET"]
[SourceTitle "CBM 199 Extra"]
[Source "ChessBase"]
[SourceDate "2021.01.31"]
[SourceVersion "1"]
[SourceVersionDate "2021.01.31"]
[SourceQuality "1"]
[WhiteTeam "Belarus"]
[BlackTeam "Ukraine"]
[WhiteTeamCountry "BLR"]
[BlackTeamCountry "UKR"]

1. Nf3 c5 2. g3 Nc6 3. Bg2 e5 4. 0-0 d5 5. d3 Be7 6. e4 d4 7. Nfd2 g5 8. a4 h5 9. f4 h4 10. Nc4 hxg3 11. hxg3 gxf4 12. gxf4 exf4 13. Bxf4 Be6 14. Nba3 a6 15. e5 Nh6 16. Qh5 Bg4 17. Qh2 Bg5 18. Nd6+ Kd7 19. Nxb7 Qe7 20. Nc4 Rag8 21. e6+ Bxe6 22. Nb6+ Ke8 23. Bxc6+ Kf8 24. Bxg5 Qxg5+ 25. Bg2 Qe3+ 26. Rf2 Qxf2+ 27. Kxf2 Ng4+ 28. Kf1 Nxh2+ 29. Kg1 Bh3 30. Kxh2 Bxg2+ 0-1

[Event "World ol U16"]
[Site "Ahmedabad"]
[Date "2017.12.13"]
[Round "4.3"]
[White "Saydaliev, Saidakbar"]
[Black "Ivannikau, Maksim"]
[Result "1/2-1/2"]
[WhiteElo "2362"]
[BlackElo "2221"]
[PlyCount "118"]
[EventDate "2017.12.11"]
[EventType "team-swiss"]
[EventRounds "9"]
[EventCountry "IND"]
[SourceTitle "CBM 182 Extra"]
[Source "ChessBase"]
[SourceDate "2018.02.23"]
[SourceVersion "1"]
[SourceVersionDate "2018.02.23"]
[SourceQuality "1"]
[WhiteTeam "Uzbekistan"]
[BlackTeam "Belarus"]
[WhiteTeamCountry "UZB"]
[BlackTeamCountry "BLR"]

1. e4 c5 2. Nf3 g6 3. d4 cxd4 4. Nxd4 Bg7 5. c4 Nc6 6. Be3 Nf6 7. Nc3 0-0 8. Be2 d6 9. 0-0 Bd7 10. h3 Rc8 11. Rc1 Ne5 12. b3 Bc6 13. f4 Ned7 14. Bf3 a6 15. Qd2 Qc7 16. Rfd1 Rfd8 17. Nd5 Bxd5 18. exd5 Re8 19. Bf2 Nf8 20. Re1 e5 21. dxe6 fxe6 22. Rcd1 Rcd8 23. Bh4 Rd7 24. Kh1 Kh8 25. Nc2 Qb8 26. Re2 d5 27. Qe3 dxc4 28. Rxd7 N8xd7 29. bxc4 Qc7 30. Ne1 Nb6 31. Qe5 Qf7 32. Bxf6 Bxf6 33. Qe4 Re7 34. Nd3 Kg7 35. Bg4 Nd7 36. Bxe6 Qe8 37. f5 gxf5 38. Qxf5 Qg6 39. Qf3 Nf8 40. Nf4 Qg5 41. Nh5+ Kg6 42. Nxf6 Rxe6 43. Ne4 Qf5 44. Qxf5+ Kxf5 45. Ng3+ Kf4 46. Nh5+ Kg5 47. Rf2 Kxh5 48. Rxf8 Rc6 49. Rf7 h6 50. Rxb7 Rxc4 51. Rb2 Ra4 52. Kh2 Kg5 53. g3 h5 54. h4+ Kf5 55. Rf2+ Kg6 56. Kh3 Ra3 57. Rb2 Ra4 58. Kg2 Ra3 59. Rb6+ Kg7 1/2-1/2

[Event "BLR-ch U20"]
[Site "Minsk"]
[Date "2017.04.27"]
[Round "1"]
[White "Ivannikau, Maksim"]
[Black "Nikitenko, Mihail"]
[Result "0-1"]
[WhiteElo "2076"]
[BlackElo "2408"]
[PlyCount "78"]
[EventDate "2017.04.27"]
[EventType "tourn"]
[EventRounds "7"]
[EventCountry "BLR"]
[SourceTitle "CBM 178 Extra"]
[Source "ChessBase"]
[SourceDate "2017.06.22"]
[SourceVersion "1"]
[SourceVersionDate "2017.06.22"]
[SourceQuality "1"]

1. c4 g6 2. d4 Nf6 3. Nc3 Bg7 4. e4 d6 5. f3 0-0 6. Be3 Nc6 7. Nge2 a6 8. Qd2 Rb8 9. Rb1 e5 10. d5 Na5 11. Nc1 c5 12. b4 cxb4 13. Na4 Nxc4 14. Bxc4 b5 15. Rxb4 Bd7 16. Bd3 a5 17. Rb1 bxa4 18. Rxb8 Qxb8 19. Qxa5 Nh5 20. Qa7 Qxa7 21. Bxa7 Nf4 22. g3 Rc8 23. Kd2 Ng2 24. Ne2 Bh6+ 25. f4 exf4 26. gxf4 Nxf4 27. Be3 Nxd3 28. Bxh6 Nf2 29. Rb1 Nxe4+ 30. Ke3 Nf6 31. Kd4 Bg4 32. Nc3 Bf5 33. Rb5 Ng4 34. Bd2 Nxh2 35. Nxa4 Nf3+ 36. Ke3 Nxd2 37. Kxd2 Rc2+ 38. Ke3 Rxa2 39. Nc3 Ra6 0-1

[Event "World ol U16"]
[Site "Poprad"]
[Date "2016.07.28"]
[Round "8.3"]
[White "Ivannikau, Maksim"]
[Black "Parkhov, Yair"]
[Result "1-0"]
[WhiteElo "2168"]
[BlackElo "2162"]
[PlyCount "51"]
[EventDate "2016.07.22"]
[EventType "team-swiss"]
[EventRounds "9"]
[EventCountry "SVK"]
[SourceTitle "EXT 2017"]
[Source "ChessBase"]
[SourceDate "2016.10.25"]
[SourceVersion "1"]
[SourceVersionDate "2016.10.25"]
[SourceQuality "1"]
[WhiteTeam "Belarus"]
[BlackTeam "Israel Rehovot"]
[WhiteTeamCountry "BLR"]
[BlackTeamCountry "ISR"]

1. Nf3 e6 2. g3 Nf6 3. Bg2 d5 4. 0-0 b5 5. d3 Bb7 6. Nbd2 Nbd7 7. e4 Nb6 8. Re1 Be7 9. e5 Nfd7 10. Nf1 c5 11. h4 h6 12. c3 a5 13. Bd2 Qc7 14. b3 c4 15. Nd4 Ba6 16. a4 cxb3 17. axb5 Bb7 18. Nxb3 a4 19. Nd4 0-0 20. Qh5 Rfd8 21. Bh3 Nc5 22. Nh2 Bf8 23. Ng4 Kh8 24. Nf6 Nb3 25. Bxh6 gxh6 26. Nf5 1-0

[Event "World ol U16"]
[Site "Poprad"]
[Date "2016.07.27"]
[Round "7.3"]
[White "Ivannikau, Maksim"]
[Black "Tahbaz, Arash"]
[Result "0-1"]
[WhiteElo "2168"]
[BlackElo "2406"]
[PlyCount "88"]
[EventDate "2016.07.22"]
[EventType "team-swiss"]
[EventRounds "9"]
[EventCountry "SVK"]
[SourceTitle "EXT 2017"]
[Source "ChessBase"]
[SourceDate "2016.10.25"]
[SourceVersion "1"]
[SourceVersionDate "2016.10.25"]
[SourceQuality "1"]
[WhiteTeam "Belarus"]
[BlackTeam "Iran"]
[WhiteTeamCountry "BLR"]
[BlackTeamCountry "IRI"]

1. Nf3 c5 2. g3 Nc6 3. Bg2 g6 4. 0-0 Bg7 5. d3 e5 6. c4 Nge7 7. Nc3 0-0 8. a3 d6 9. Rb1 a5 10. Bd2 Rb8 11. Qc1 Nf5 12. e3 Nfe7 13. Ne1 Be6 14. Nd5 b5 15. b3 b4 16. a4 Qd7 17. Nc2 h5 18. Qd1 h4 19. e4 f5 20. Bg5 hxg3 21. fxg3 Rf7 22. Nce3 Rbf8 23. Nxe7+ Nxe7 24. Bxe7 Qxe7 25. exf5 gxf5 26. Qh5 Qf6 27. Nd5 Qh6 28. Qxh6 Bxh6 29. Rbe1 Bg5 30. Bf3 Rh7 31. Bg2 Kg7 32. Re2 Rfh8 33. Bh1 Rh3 34. Nc7 Bd7 35. Bd5 R8h6 36. Bf3 f4 37. g4 Rxf3 38. Rxf3 Bxg4 39. Kg2 Kg6 40. Nd5 Bxf3+ 41. Kxf3 Kf5 42. Kg2 Kg4 43. Re1 f3+ 44. Kh1 f2 0-1

[Event "World ol U16"]
[Site "Poprad"]
[Date "2016.07.23"]
[Round "2.3"]
[White "Ivannikau, Maksim"]
[Black "Kopylov, Daniel"]
[Result "1-0"]
[WhiteElo "2168"]
[BlackElo "2034"]
[PlyCount "107"]
[EventDate "2016.07.22"]
[EventType "team-swiss"]
[EventRounds "9"]
[EventCountry "SVK"]
[SourceTitle "EXT 2017"]
[Source "ChessBase"]
[SourceDate "2016.10.25"]
[SourceVersion "1"]
[SourceVersionDate "2016.10.25"]
[SourceQuality "1"]
[WhiteTeam "Belarus"]
[BlackTeam "Germany II"]
[WhiteTeamCountry "BLR"]
[BlackTeamCountry "GER"]

1. Nf3 d5 2. g3 c6 3. Bg2 Bg4 4. 0-0 Nd7 5. d3 Ngf6 6. Nbd2 e5 7. e4 Bd6 8. h3 Bh5 9. g4 Bg6 10. Nh4 0-0 11. Nf5 Bc5 12. h4 h5 13. g5 Ng4 14. Nb3 Bxf5 15. Nxc5 Nxc5 16. exf5 e4 17. f3 exf3 18. Qxf3 Qb6 19. Kh1 Nd7 20. Rb1 Rfe8 21. Bf4 f6 22. Bh3 Ne3 23. Rg1 Qd4 24. Rbc1 Rad8 25. Rg3 Ng4 26. Bxg4 hxg4 27. Qxg4 Ne5 28. Bxe5 Qxg4 29. Rxg4 fxe5 30. Re1 e4 31. dxe4 dxe4 32. Rgxe4 Rxe4 33. Rxe4 Rd1+ 34. Kg2 Rd2+ 35. Kf3 Rxc2 36. Re2 Rc4 37. Kg3 Kf7 38. Rd2 Ke7 39. Rf2 Kf7 40. f6 gxf6 41. Rxf6+ Kg7 42. h5 Rc1 43. h6+ Kg8 44. Rg6+ Kh8 45. Rg7 b5 46. Rxa7 Rg1+ 47. Kf4 Rf1+ 48. Ke5 Re1+ 49. Kf6 Rf1+ 50. Kg6 Rf8 51. Rc7 b4 52. Rxc6 b3 53. axb3 Rb8 54. b4 1-0

[Event "BLR-ch U20"]
[Site "Minsk"]
[Date "2016.04.06"]
[Round "5"]
[White "Kalinouski, Siarhei"]
[Black "Ivannikau, Maksim"]
[Result "1/2-1/2"]
[WhiteElo "2136"]
[BlackElo "2178"]
[PlyCount "78"]
[EventDate "2016.04.02"]
[EventType "tourn"]
[EventRounds "7"]
[EventCountry "BLR"]
[EventCategory "1"]
[SourceTitle "CBM 171 Extra"]
[Source "ChessBase"]
[SourceDate "2016.04.26"]
[SourceVersion "1"]
[SourceVersionDate "2016.04.26"]
[SourceQuality "1"]

1. e4 c5 2. Nf3 g6 3. d4 cxd4 4. Nxd4 Bg7 5. Nc3 Nc6 6. Be3 Nf6 7. Nxc6 bxc6 8. e5 Ng8 9. Bd4 Qa5 10. Bc4 Bxe5 11. 0-0 f6 12. Re1 Rb8 13. Bb3 Bxd4 14. Qxd4 d5 15. Rad1 Kf8 16. a3 Qb6 17. Qf4 Rb7 18. Na4 Qc7 19. Qe3 e5 20. Qc3 Kg7 21. Nc5 d4 22. Qc4 Rb8 23. c3 dxc3 24. bxc3 Nh6 25. Qe6 Rf8 26. Qd6 Qxd6 27. Rxd6 Bf5 28. Ba4 Rbc8 29. h3 Nf7 30. Rd2 h5 31. Bc2 Rfe8 32. Bxf5 gxf5 33. Rd7 Rcd8 34. Red1 Rxd7 35. Rxd7 Rb8 36. Rxa7 Rb1+ 37. Kh2 Rc1 38. Rc7 Rxc3 39. Rxc6 Rxa3 1/2-1/2

[Event "BLR-ch U20"]
[Site "Minsk"]
[Date "2016.04.03"]
[Round "2"]
[White "Zarubitski, Viachaslau"]
[Black "Ivannikau, Maksim"]
[Result "1/2-1/2"]
[WhiteElo "2248"]
[BlackElo "2178"]
[PlyCount "78"]
[EventDate "2016.04.02"]
[EventType "tourn"]
[EventRounds "7"]
[EventCountry "BLR"]
[EventCategory "1"]
[SourceTitle "CBM 171 Extra"]
[Source "ChessBase"]
[SourceDate "2016.04.26"]
[SourceVersion "1"]
[SourceVersionDate "2016.04.26"]
[SourceQuality "1"]

1. e4 c5 2. Nf3 g6 3. c3 Bg7 4. d4 cxd4 5. cxd4 d5 6. e5 Nc6 7. Bb5 Bg4 8. 0-0 Nh6 9. Nbd2 0-0 10. Bxc6 bxc6 11. h3 Bxf3 12. Nxf3 f6 13. Re1 Qb6 14. b3 Nf5 15. g4 Nh6 16. e6 g5 17. Ba3 Rae8 18. Rc1 f5 19. Bc5 Qc7 20. Ne5 fxg4 21. hxg4 Rf6 22. Qd2 Rf4 23. f3 Ref8 24. Kg2 R8f6 25. Nd7 Nxg4 26. Nxf6+ Nxf6 27. Re5 h6 28. Rh1 Nh7 29. Re3 g4 30. Qd3 Ng5 31. fxg4 Ne4 32. Rxe4 Rxe4 33. Qf3 Rxe6 34. Rf1 Rf6 35. Qe2 Rxf1 36. Qxf1 Bf6 37. Qf5 Kg7 38. b4 Qb7 39. Qf3 Qd7 1/2-1/2

[Event "BLR-ch U20"]
[Site "Minsk"]
[Date "2016.04.02"]
[Round "1"]
[White "Ivannikau, Maksim"]
[Black "Filipets, Egor"]
[Result "0-1"]
[WhiteElo "2178"]
[BlackElo "2296"]
[PlyCount "132"]
[EventDate "2016.04.02"]
[EventType "tourn"]
[EventRounds "7"]
[EventCountry "BLR"]
[EventCategory "1"]
[SourceTitle "CBM 171 Extra"]
[Source "ChessBase"]
[SourceDate "2016.04.26"]
[SourceVersion "1"]
[SourceVersionDate "2016.04.26"]
[SourceQuality "1"]

1. Nf3 d5 2. d4 c6 3. Bf4 Bf5 4. e3 e6 5. c4 Qb6 6. Qb3 Qxb3 7. axb3 Bb4+ 8. Nc3 Nf6 9. Nd2 0-0 10. Ra4 c5 11. Bd6 Rc8 12. Bxc5 Bxc5 13. dxc5 Rxc5 14. b4 Rc8 15. c5 Nc6 16. Nb5 a5 17. bxa5 Bc2 18. Ra3 Rxa5 19. Be2 Rxa3 20. Nxa3 Nb4 21. Nxc2 Nxc2+ 22. Kd1 Rxc5 23. Nb3 Rc7 24. Bd3 Nb4 25. Bb1 e5 26. Ke2 Nd7 27. Rc1 Rxc1 28. Nxc1 g6 29. Na2 Nc6 30. Nc3 Nb6 31. Ba2 Nb4 32. Bb3 Kf8 33. e4 d4 34. Nb5 Ke7 35. Kd2 Nd7 36. f3 Nc5 37. Bc4 Na4 38. b3 Nb6 39. Be2 Kd7 40. Na3 Kd6 41. Bb5 Nc6 42. Nc2 Na5 43. b4 Nac4+ 44. Kd3 Nb2+ 45. Ke2 N6c4 46. Ne1 Na3 47. Bd3 g5 48. g3 b5 49. Kd2 Nbc4+ 50. Ke2 Ne3 51. Kd2 h5 52. Ke2 Ke6 53. Kf2 f6 54. Ke2 Nac4 55. Bc2 g4 56. f4 exf4 57. gxf4 h4 58. Bb3 f5 59. Kd3 h3 60. Kxd4 Nf1 61. Bxc4+ bxc4 62. exf5+ Kxf5 63. b5 g3 64. Nf3 Nxh2 65. Ng1 Nf3+ 66. Nxf3 h2 0-1

[Event "EU-ch U14 25th"]
[Site "Porec"]
[Date "2015.09.23"]
[Round "3"]
[White "Esipenko, Andrey"]
[Black "Ivannikau, Maksim"]
[Result "1-0"]
[WhiteElo "2384"]
[BlackElo "2138"]
[PlyCount "97"]
[EventDate "2015.09.21"]
[EventType "swiss"]
[EventRounds "9"]
[EventCountry "CRO"]
[SourceTitle "EXT 2016"]
[Source "ChessBase"]
[SourceDate "2015.10.08"]
[SourceVersion "1"]
[SourceVersionDate "2015.10.08"]
[SourceQuality "1"]

1. d4 Nf6 2. c4 g6 3. Nc3 Bg7 4. e4 0-0 5. Be2 d6 6. Bg5 Na6 7. Qd2 e5 8. d5 c6 9. f3 cxd5 10. cxd5 Bd7 11. h4 Nc5 12. g4 Rb8 13. Nh3 b5 14. b4 Na4 15. Nxa4 bxa4 16. Nf2 Qb6 17. a3 a6 18. Be3 Qb7 19. Rc1 Rbc8 20. 0-0 Bb5 21. Bxb5 axb5 22. Rxc8 Rxc8 23. Rc1 Rc4 24. Rxc4 bxc4 25. Nd1 Nd7 26. Qc2 Qa6 27. Nc3 Nb6 28. g5 Bf8 29. Kg2 Be7 30. Kg3 Kg7 31. Qd1 f6 32. gxf6+ Bxf6 33. Qh1 Nd7 34. h5 Nf8 35. hxg6 Nxg6 36. Bh6+ Kf7 37. Qh3 Nf4 38. Qf5 Qb6 39. Qxh7+ Ke8 40. Kg4 Be7 41. Bxf4 exf4 42. Qg8+ Kd7 43. Qe6+ Kd8 44. e5 Qg1+ 45. Kf5 Qg5+ 46. Ke4 dxe5 47. d6 Bf6 48. Kd5 Qg7 49. Kc6 1-0

[Event "EU-ch U14 25th"]
[Site "Porec"]
[Date "2015.09.21"]
[Round "1"]
[White "Ivannikau, Maksim"]
[Black "Kizatbay, Abyl"]
[Result "1-0"]
[WhiteElo "2138"]
[BlackElo "1770"]
[PlyCount "83"]
[EventDate "2015.09.21"]
[EventType "swiss"]
[EventRounds "9"]
[EventCountry "CRO"]
[SourceTitle "EXT 2016"]
[Source "ChessBase"]
[SourceDate "2015.10.08"]
[SourceVersion "1"]
[SourceVersionDate "2015.10.08"]
[SourceQuality "1"]

1. Nf3 Nf6 2. g3 g6 3. Bg2 Bg7 4. 0-0 0-0 5. d3 d5 6. Nbd2 c5 7. e4 Nc6 8. c3 e5 9. Re1 d4 10. cxd4 cxd4 11. Nc4 Re8 12. a4 Rb8 13. Bd2 Nd7 14. b4 Nb6 15. Nb2 Be6 16. a5 Nd7 17. Ng5 Nf8 18. Nxe6 Nxe6 19. Nc4 Nc7 20. Qa4 a6 21. f4 Nb5 22. Qb3 Bh6 23. Re2 Qc7 24. Nb6 exf4 25. Nd5 Qd8 26. gxf4 Nc7 27. e5 Nxd5 28. Bxd5 Re7 29. Rf1 Qc7 30. Be1 Nd8 31. Bh4 Rd7 32. Rc2 Nc6 33. e6 Rxd5 34. Qxd5 Nxb4 35. Rxc7 Nxd5 36. exf7+ Kf8 37. Rd7 Nxf4 38. Be7+ Kxf7 39. Bd6+ Ke6 40. Bxb8 Kxd7 41. Bxf4 Bxf4 42. Rxf4 1-0

[Event "World ol U16"]
[Site "Ulaanbaatar"]
[Date "2015.08.22"]
[Round "3.4"]
[White "Ivannikau, Maksim"]
[Black "Tahbaz, Arash"]
[Result "0-1"]
[WhiteElo "2238"]
[BlackElo "2318"]
[PlyCount "61"]
[EventDate "2015.08.20"]
[EventType "team-swiss"]
[EventRounds "9"]
[EventCountry "MGL"]
[SourceTitle "EXT 2016"]
[Source "ChessBase"]
[SourceDate "2015.10.08"]
[SourceVersion "1"]
[SourceVersionDate "2015.10.08"]
[SourceQuality "1"]
[WhiteTeam "Belarus"]
[BlackTeam "Iran"]
[WhiteTeamCountry "BLR"]
[BlackTeamCountry "IRI"]

1. Nf3 Nf6 2. g3 g6 3. Bg2 Bg7 4. 0-0 0-0 5. d3 d5 6. Nbd2 c5 7. e4 Nc6 8. c3 b6 9. Qc2 e6 10. Ne1 a5 11. f4 dxe4 12. Nxe4 Qd7 13. Be3 Ba6 14. Rd1 Rad8 15. Nf2 Nd5 16. Nf3 Rfe8 17. Bc1 Qc7 18. Rfe1 Nde7 19. Ne5 Bb7 20. g4 Nxe5 21. fxe5 Bxg2 22. Kxg2 Qb7+ 23. Kg1 Rd5 24. d4 cxd4 25. cxd4 Nc6 26. Be3 Qd7 27. Ne4 Nxd4 28. Bxd4 Rxd4 29. Nd6 Rxd1 30. Rxd1 Rd8 31. g5 0-1

[Event "World ol U16"]
[Site "Ulaanbaatar"]
[Date "2015.08.22"]
[Round "4.4"]
[White "Sivakumar, Ashvin"]
[Black "Ivannikau, Maksim"]
[Result "1-0"]
[WhiteElo "1941"]
[BlackElo "2238"]
[PlyCount "143"]
[EventDate "2015.08.20"]
[EventType "team-swiss"]
[EventRounds "9"]
[EventCountry "MGL"]
[SourceTitle "EXT 2016"]
[Source "ChessBase"]
[SourceDate "2015.10.08"]
[SourceVersion "1"]
[SourceVersionDate "2015.10.08"]
[SourceQuality "1"]
[WhiteTeam "Singapore"]
[BlackTeam "Belarus"]
[WhiteTeamCountry "SIN"]
[BlackTeamCountry "BLR"]

1. d4 Nf6 2. Nf3 g6 3. Bg5 Bg7 4. Nbd2 0-0 5. c3 d6 6. e4 Nbd7 7. Be2 e5 8. 0-0 h6 9. Bh4 Qe7 10. dxe5 dxe5 11. Qc2 c6 12. Rad1 g5 13. Bg3 Nh5 14. Rfe1 Nf4 15. Bf1 b5 16. Nb3 a5 17. h4 a4 18. Nc1 g4 19. Nd4 exd4 20. Bxf4 dxc3 21. Bd6 Qxh4 22. Bxf8 Bxf8 23. Qxc3 Bc5 24. g3 Qh5 25. Nd3 b4 26. Qc2 Ne5 27. Bg2 Nxd3 28. Rxd3 Be6 29. e5 Bf5 30. Be4 Bxe4 31. Rxe4 Qf5 32. Re2 Bf8 33. Qc4 Re8 34. Rd4 h5 35. Qxc6 Rc8 36. Qe4 Rc1+ 37. Kg2 Qxe4+ 38. Rdxe4 Ra1 39. b3 a3 40. f3 gxf3+ 41. Kxf3 Bc5 42. Rc4 Bf8 43. Rh4 Rf1+ 44. Rf2 Rb1 45. Rxh5 Bc5 46. Rd2 Rb2 47. Ke2 Kg7 48. Kd3 Kg6 49. Rh1 Rxd2+ 50. Kxd2 Bd4 51. Kd3 Bxe5 52. g4 Bd6 53. Rf1 f6 54. Rf5 Be7 55. Kc4 Bf8 56. Kd5 Bh6 57. Ke6 Bg5 58. Rd5 Be3 59. Rd3 Bc5 60. Rf3 Bd4 61. Rf5 Bb2 62. Rh5 Bd4 63. Kd5 Bb2 64. Ke6 Bd4 65. Rh8 Kg7 66. Rb8 Bc3 67. Kf5 Kf7 68. Rb7+ Ke8 69. g5 fxg5 70. Kxg5 Kd8 71. Kf4 Kc8 72. Rh7 1-0

[Event "EU-ch U14 24th"]
[Site "Batumi"]
[Date "2014.10.21"]
[Round "3"]
[White "Slade, Theodore"]
[Black "Ivannikau, Maksim"]
[Result "1-0"]
[WhiteElo "1880"]
[BlackElo "1958"]
[PlyCount "111"]
[EventDate "2014.10.19"]
[EventType "swiss"]
[EventRounds "9"]
[EventCountry "GEO"]
[SourceTitle "EXT 2015"]
[Source "ChessBase"]
[SourceDate "2014.11.20"]
[SourceVersion "1"]
[SourceVersionDate "2014.11.20"]
[SourceQuality "1"]

1. d4 Nf6 2. Bg5 Ne4 3. Bf4 d5 4. e3 Nd7 5. c4 e6 6. Nc3 Nxc3 7. bxc3 c6 8. Nf3 Nf6 9. Bd3 dxc4 10. Bxc4 Nd5 11. Bxd5 exd5 12. Qd3 Be7 13. 0-0 0-0 14. a4 Bf6 15. a5 Qe7 16. Rfc1 Be6 17. Nd2 b5 18. e4 Bg5 19. Bxg5 Qxg5 20. Nf3 dxe4 21. Qxe4 Qd5 22. Qxd5 Bxd5 23. Ne5 Rfe8 24. Re1 f6 25. Nd3 Kf7 26. f3 Bc4 27. Nc5 Rab8 28. Kf2 Red8 29. Na6 Rbc8 30. Re4 Rd5 31. Nc5 f5 32. Re3 Rc7 33. Rae1 Rd8 34. Re5 g6 35. Na6 Rcd7 36. Nc5 Rc7 37. Na6 Rcd7 38. Nc5 Rc7 39. h4 b4 40. Ke3 b3 41. Rb1 Rb8 42. Nd3 Rcb7 43. Rc5 Bxd3 44. Kxd3 Rb5 45. c4 Rxc5 46. dxc5 Rb4 47. Kc3 Ra4 48. Rxb3 Rxa5 49. Rb7+ Kf6 50. Rc7 Rxc5 51. Rxa7 Re5 52. Ra6 Re2 53. Rxc6+ Kg7 54. Rc7+ Kg8 55. Kd4 Rxg2 56. Ke5 1-0

[Event "Wch U14"]
[Site "Durban"]
[Date "2014.09.27"]
[Round "9"]
[White "Ivannikau, Maksim"]
[Black "Zhao, Yuanhe"]
[Result "0-1"]
[WhiteElo "1958"]
[BlackElo "2094"]
[PlyCount "33"]
[EventDate "2014.09.20"]
[EventType "swiss"]
[EventRounds "11"]
[EventCountry "RSA"]
[SourceTitle "CBM 162 Extra"]
[Source "ChessBase"]
[SourceDate "2014.10.17"]
[SourceVersion "1"]
[SourceVersionDate "2014.10.17"]
[SourceQuality "1"]

1. Nf3 Nf6 2. g3 g6 3. Bg2 Bg7 4. 0-0 0-0 5. d3 d5 6. Nbd2 c5 7. e4 d4 8. h3 Nc6 9. Nb3 b6 10. Ne1 e5 11. f4 Nh5 12. Qf3 exf4 13. gxf4 Bb7 14. a4 Qc7 15. a5 Rfe8 16. axb6 axb6 17. Qf2 0-1